NHL Retired Jersey Numbers - Statistics

General Stats
  • This quiz has been taken 123 times
  • The average score is 106 of 210
Answer Stats
Team Player # % Correct
Anaheim Ducks Wayne Gretzky 99
100%
Boston Bruins Wayne Gretzky 99
100%
Buffalo Sabres Wayne Gretzky 99
100%
Calgary Flames Wayne Gretzky 99
100%
Carolina Hurricanes Wayne Gretzky 99
100%
Chicago Blackhawks Wayne Gretzky 99
100%
Colorado Avalanche Wayne Gretzky 99
100%
Columbus Blue Jackets Wayne Gretzky 99
100%
Dallas Stars Wayne Gretzky 99
100%
Detroit Red Wings Wayne Gretzky 99
100%
Edmonton Oilers Wayne Gretzky 99
100%
Florida Panthers Wayne Gretzky 99
100%
Los Angeles Kings Wayne Gretzky 99
100%
Minnesota Wild Wayne Gretzky 99
100%
Montreal Canadiens Wayne Gretzky 99
100%
Nashville Predators Wayne Gretzky 99
100%
New Jersey Devils Wayne Gretzky 99
100%
New York Islanders Wayne Gretzky 99
100%
New York Rangers Wayne Gretzky 99
100%
Ottawa Senators Wayne Gretzky 99
100%
Philadelphia Flyers Wayne Gretzky 99
100%
Pittsburgh Penguins Wayne Gretzky 99
100%
San Jose Sharks Wayne Gretzky 99
100%
Seattle Kraken Wayne Gretzky 99
100%
St. Louis Blues Wayne Gretzky 99
100%
Tampa Bay Lightning Wayne Gretzky 99
100%
Toronto Maple Leafs Wayne Gretzky 99
100%
Utah Hockey Club Wayne Gretzky 99
100%
Vancouver Canucks Wayne Gretzky 99
100%
Vegas Golden Knights Wayne Gretzky 99
100%
Washington Capitals Wayne Gretzky 99
100%
Winnipeg Jets Wayne Gretzky 99
100%
Boston Bruins Bobby Orr 4
83%
Detroit Red Wings Gordie Howe 9
83%
Philadelphia Flyers Mark Howe 2
83%
Anaheim Ducks Teemu Selanne 8
83%
Pittsburgh Penguins Mario Lemieux 66
81%
Boston Bruins Ray Bourque 77
80%
Colorado Avalanche Ray Bourque 77
80%
Edmonton Oilers Mark Messier 11
78%
New York Rangers Mark Messier 11
78%
Colorado Avalanche Patrick Roy 33
78%
Montreal Canadiens Patrick Roy 33
78%
Pittsburgh Penguins Jaromir Jagr 68
77%
Montreal Canadiens Henri Richard 16
74%
Montreal Canadiens Maurice Richard 9
74%
Florida Panthers Roberto Luongo 1
74%
Detroit Red Wings Steve Yzerman 19
74%
Chicago Blackhawks Bobby Hull 9
72%
St. Louis Blues Brett Hull 16
72%
Calgary Flames Jarome Iginla 12
72%
Colorado Avalanche Joe Sakic 19
72%
Columbus Blue Jackets Rick Nash 61
71%
Dallas Stars Mike Modano 9
70%
New Jersey Devils Martin Brodeur 30
68%
Vancouver Canucks Daniel Sedin 22
67%
Vancouver Canucks Henrik Sedin 33
67%
New York Islanders Mike Bossy 22
67%
Montreal Canadiens Guy Lafleur 10
65%
Tampa Bay Lightning Martin St. Louis 26
65%
Boston Bruins Phil Esposito 7
65%
Chicago Blackhawks Tony Esposito 35
65%
Edmonton Oilers Jari Kurri 17
64%
Edmonton Oilers Grant Fuhr 31
62%
Montreal Canadiens Jacques Plante 1
62%
San Jose Sharks Joe Thornton 19
62%
Toronto Maple Leafs Mats Sundin 13
62%
Boston Bruins Milt Schmidt 15
62%
Colorado Avalanche Peter Forsberg 21
62%
Chicago Blackhawks Stan Mikita 21
62%
New York Islanders Bryan Trottier 19
61%
Buffalo Sabres Dominik Hasek 39
61%
Los Angeles Kings Luc Robitaille 20
61%
Anaheim Ducks Paul Kariya 9
61%
Anaheim Ducks Scott Niedermayer 27
59%
New Jersey Devils Scott Niedermayer 27
59%
Los Angeles Kings Marcel Dionne 16
58%
San Jose Sharks Patrick Marleau 12
58%
Carolina Hurricanes Ron Francis 10
58%
New Jersey Devils Scott Stevens 4
58%
Philadelphia Flyers Bobby Clarke 16
57%
Minnesota Wild Mikko Koivu 9
57%
Carolina Hurricanes Rod Brind'Amour 17
57%
Toronto Maple Leafs Wendel Clark 17
57%
Ottawa Senators Daniel Alfredsson 11
55%
New York Rangers Henrik Lundqvist 30
55%
Montreal Canadiens Jean Beliveau 4
55%
Detroit Red Wings Terry Sawchuk 1
55%
Tampa Bay Lightning Vincent Lecavalier 4
55%
Edmonton Oilers Paul Coffey 7
54%
Calgary Flames Lanny McDonald 9
52%
Chicago Blackhawks Marian Hossa 81
52%
Nashville Predators Pekka Rinne 35
52%
Colorado Avalanche Adam Foote 52
51%
New York Islanders Billy Smith 31
51%
Detroit Red Wings Nicklas Lidstrom 5
51%
Vancouver Canucks Pavel Bure 10
51%
New York Islanders Denis Potvin 5
49%
Montreal Canadiens Ken Dryden 29
49%
Buffalo Sabres Pat LaFontaine 16
49%
Los Angeles Kings Rob Blake 4
49%
St. Louis Blues Al MacInnis 2
48%
Chicago Blackhawks Denis Savard 18
48%
Philadelphia Flyers Eric Lindros 88
48%
Montreal Canadiens Serge Savard 18
48%
Montreal Canadiens Larry Robinson 19
46%
Colorado Avalanche Milan Hejduk 23
46%
New Jersey Devils Patrik Elias 26
46%
New York Rangers Brian Leetch 2
45%
St. Louis Blues Chris Pronger 44
45%
Toronto Maple Leafs Doug Gilmour 93
45%
Calgary Flames Miikka Kiprusoff 34
45%
Dallas Stars Sergei Zubov 56
45%
Los Angeles Kings Dustin Brown 23
43%
Edmonton Oilers Glenn Anderson 9
43%
Boston Bruins Johnny Bucyk 9
43%
New York Rangers Mike Richter 35
43%
Vancouver Canucks Trevor Linden 16
43%
Detroit Red Wings Ted Lindsay 7
42%
Chicago Blackhawks Chris Chelios 7
41%
Toronto Maple Leafs Johnny Bower 1
41%
Vancouver Canucks Markus Naslund 19
41%
Washington Capitals Mike Gartner 11
41%
Buffalo Sabres Tim Horton 2
41%
Toronto Maple Leafs Tim Horton 7
41%
Boston Bruins Cam Neely 8
39%
Minnesota Wild Minnesota Wild fans 1
39%
Seattle Kraken Seattle Kraken fans 32
39%
Montreal Canadiens Yvan Cournoyer 12
39%
Carolina Hurricanes Eric Staal 12
38%
Buffalo Sabres Gilbert Perreault 11
38%
Buffalo Sabres Ryan Miller 30
38%
Edmonton Oilers Kevin Lowe 4
36%
Calgary Flames Mike Vernon 30
36%
Detroit Red Wings Alex Delvecchio 10
35%
Philadelphia Flyers Bernie Parent 1
33%
Toronto Maple Leafs Borje Salming 21
33%
Detroit Red Wings Sid Abel 12
33%
Toronto Maple Leafs Darryl Sittler 27
32%
Chicago Blackhawks Glenn Hall 1
32%
Dallas Stars Jere Lehtinen 26
32%
Detroit Red Wings Red Kelly 4
32%
Toronto Maple Leafs Red Kelly 4
32%
Los Angeles Kings Dave Taylor 18
30%
Montreal Canadiens Elmer Lach 16
30%
New York Rangers Adam Graves 9
29%
Montreal Canadiens Bob Gainey 23
29%
Montreal Canadiens Doug Harvey 2
29%
Boston Bruins Eddie Shore 2
29%
Toronto Maple Leafs Syl Apps 10
29%
St. Louis Blues Brian Sutter 11
28%
Montreal Canadiens Howie Morenz 7
28%
New York Rangers Jean Ratelle 19
28%
Toronto Maple Leafs Turk Broda 1
28%
New York Rangers Andy Bathgate 9
26%
Toronto Maple Leafs Frank Mahovlich 27
26%
Ottawa Senators Chris Phillips 4
25%
Washington Capitals Dale Hunter 32
25%
Toronto Maple Leafs Dave Keon 14
25%
New Jersey Devils Ken Daneyko 3
25%
Buffalo Sabres Rick Martin 7
25%
St. Louis Blues Bernie Federko 24
23%
Philadelphia Flyers Bill Barber 7
23%
New York Islanders Bob Nystrom 23
23%
New York Islanders Butch Goring 91
23%
New York Islanders Clark Gillies 9
23%
Toronto Maple Leafs George Armstrong 10
23%
Buffalo Sabres Rene Robert 14
23%
Los Angeles Kings Rogatien Vachon 30
23%
Vancouver Canucks Stan Smyl 12
23%
Ottawa Senators Chris Neil 25
22%
Montreal Canadiens Dickie Moore 12
22%
New York Rangers Eddie Giacomin 1
22%
Montreal Canadiens Emile Bouchard 3
22%
New York Rangers Rod Gilbert 7
22%
Vegas Golden Knights 2017 Las Vegas shooting victims 58
20%
Montreal Canadiens Guy Lapointe 5
20%
Chicago Blackhawks Pierre Pilote 3
20%
Carolina Hurricanes Glen Wesley 2
19%
Boston Bruins Rick Middleton 16
19%
Boston Bruins Willie O'Ree 22
19%
Toronto Maple Leafs Charlie Conacher 9
17%
Washington Capitals Rod Langway 5
17%
Toronto Maple Leafs Ted Kennedy 9
17%
Dallas Stars Bill Masterton 19
16%
Toronto Maple Leafs King Clancy 7
16%
Boston Bruins Terry O'Reilly 24
16%
Toronto Maple Leafs Ace Bailey 6
14%
Montreal Canadiens Bernie Geoffrion 5
14%
New York Rangers Harry Howell 3
14%
Dallas Stars Neal Broten 7
14%
Edmonton Oilers Al Hamilton 3
13%
Pittsburgh Penguins Michel Briere 21
13%
St. Louis Blues Barclay Plager 8
12%
St. Louis Blues Bob Plager 5
12%
New York Rangers Vic Hadfield 11
12%
Boston Bruins Dit Clapper 5
10%
Ottawa Senators Frank Finnigan 8
10%
Toronto Maple Leafs Hap Day 4
10%
New York Islanders John Tonelli 27
10%
Toronto Maple Leafs Bill Barilko 5
9%
Florida Panthers Bill Torrey 93
7%
St. Louis Blues Bob Gassoff 3
7%
Chicago Blackhawks Keith Magnuson 3
7%
Washington Capitals Yvon Labre 7
7%
Philadelphia Flyers Barry Ashbee 4
6%
Buffalo Sabres Danny Gare 18
6%
Boston Bruins Lionel Hitchman 3
6%
Dallas Stars Bill Goldsworthy 8
4%
Florida Panthers Wayne Huizenga 37
3%
No matching quizzes found
Score Distribution
Percent of People with Each Score
Percentile by Number Answered
Your Score History
You have not taken this quiz